UBT Library

Children and screen violence / (Record no. 43012)

000 -LEADER
fixed length control field 00562cam a2200229 i 4500
001 - CONTROL NUMBER
control field 1309912
005 - DATE AND TIME OF LATEST TRANSACTION
control field 20180221040935.0
008 - FIXED-LENGTH DATA ELEMENTS--GENERAL INFORMATION
fixed length control field 771205s1977 at bs 001 0 eng
010 ## - LIBRARY OF CONGRESS CONTROL NUMBER
LC control number 77376054
015 ## - NATIONAL BIBLIOGRAPHY NUMBER
National bibliography number Aus
020 ## - INTERNATIONAL STANDARD BOOK NUMBER
International Standard Book Number 0702214035
040 ## - CATALOGING SOURCE
Original cataloging agency DLC
Transcribing agency DLC
Modifying agency DLC
041 ## - LANGUAGE CODE
Language code of text/sound track or separate title eng
080 ## - UNIVERSAL DECIMAL CLASSIFICATION NUMBER
Universal Decimal Classification number 301.162
082 00 - DEWEY DECIMAL CLASSIFICATION NUMBER
Classification number 301.162 EDG
100 1# - Rafti
Rafti 20
101 ## - Shkurtesa
Shkurtesa SHP
245 10 - TITLE STATEMENT
Title Children and screen violence /
Statement of responsibility, etc Patricia Edgar.
504 ## - BIBLIOGRAPHY, ETC. NOTE
Bibliography, etc Bibliography: p. 265-270.
906 ## - LOCAL DATA ELEMENT F, LDF (RLIN)
a 7
b cbc
c orignew
d 3
e ncip
f 19
g y-gencatlg
942 ## - ADDED ENTRY ELEMENTS (KOHA)
Source of classification or shelving scheme
Item type Books
Holdings
Withdrawn status Lost status Source of classification or shelving scheme Damaged status Not for loan Collection code Permanent location Current location Shelving location Date acquired Total Checkouts Full call number Barcode Date last seen Price effective from Koha item type
          Koleksioni i përgjithshem UBT - Lipjan UBT - Lipjan Koleksioni i përgjithshem 02/21/2018   301.162 EDG 002-2999841 02/21/2018 02/21/2018 Books
UBT Library © 2015-2024. All rights reserved University Education for Business and Technology